Statistics for From Cape Reinga to the Bluff - Map Quiz

Click here to take the quiz!

General Stats

  • This quiz has been taken 20 times
  • The average score is 15 of 18

Answer Stats

What is it? Sight % Correct
Southernmost capital in the worldWellington
100%
City that was struck by an earthquake in 2011Christchurch
100%
Largest lake by surface areaLake Taupo
100%
Biggest city in New ZealandAuckland
100%
New Zealand's outdoor capitalQueenstown
94%
City known for geothermal activityRotorua
94%
Southernmost cityInvercargill
88%
Largest town on the West CoastGreymouth
88%
Almost symmetrical volcanic coneMount Taranaki
88%
Well-known volcanoTongariro
88%
Best-known mountain passArthur's Pass
76%
The eighth Wonder of the World, according to R. KiplingMilford Sound
76%
Bay known for big-game fishingBay of Islands
76%
Town also known as "Hobbiton"Matamata
71%
Lake with a tree insideLake Wanaka
71%
Town on the Hauraki GulfCoromandel
71%
Volcanic peninsulaBanks Peninsula
59%
Largest national parkFiordland
47%

Score Distribution

Percentile by Number Answered

Percent of People with Each Score

Your Score History

You have not taken this quiz